|
|
|
|
| LEADER |
00000nam0a2200000 4500 |
| 001 |
134791 |
| 005 |
20231101220517.0 |
| 010 |
|
|
|a 9785903464029
|
| 035 |
|
|
|a (RuTPU)RU\TPU\book\146100
|
| 090 |
|
|
|a 134791
|
| 100 |
|
|
|a 20080404d2007 k y0rusy50 ca
|
| 101 |
1 |
|
|a rus
|c eng
|
| 102 |
|
|
|a RU
|
| 105 |
|
|
|a a z 001zy
|
| 200 |
1 |
|
|a Демократия
|e пер. с англ.
|f Ч. Тилли
|
| 210 |
|
|
|a Москва
|c Изд-во института общественного проектирования
|d 2007
|
| 215 |
|
|
|a 263 с.
|c ил.
|
| 320 |
|
|
|a Библиография: с. 243-263.
|
| 330 |
|
|
|a В книге устанавливаются общие процессы, посредством которых за последние несколько столетий осуществляется демократизация и дедемократизация на национальном уровне повсюду в мире. Причем главными признаются три процесса: интеграция сетей доверия в публичную политику; изоляция публичной политики от категориального неравенства и уничтожение автономных центров власти, использующих методы принуждения и насилия. Автор по-новому представляет современные теории демократии, демократизации и дедемократизации, прибегая в подтверждение своих аргументов к аналитическому изложению истории (в основном после Второй мировой войны) государств и режимов и сравнению их между собой. Перед тем как получить почетную степень профессора имени Баттенвизера в Колумбийском Университете, Чарльз Тилли (доктор философии, Гарвард, 1958) преподавал в университетах Делавэра, Гарвардском, Торонто, Мичигана и в Новой школе социальных исследований. Ч. Тилли является членом Национальной академии наук, Американского философского общества и Американской академии художеств и наук. Он опубликовал 50 книг и монографий. Среди недавно опубликованных издательством Cambridge University Press следует упомянуть Dynamics of Contention (вместе с Дагом Макадамом и Сидни Тэрроу, 2001 г.), Silence and Voice in the Study of Contentious Politics (вместе с Рональдом Аминзаде и др., 2001 г.), The Politics of Collective Violence (2003 г.), Contention and Democracy in Europe, 1650-2000 (2004 г.) и Trust and Rule (2005 г.).
|
| 606 |
1 |
|
|a Демократическое движение
|2 stltpush
|3 (RuTPU)RU\TPU\subj\9061
|9 36350
|
| 610 |
1 |
|
|a политика
|
| 610 |
1 |
|
|a политические теории
|
| 610 |
1 |
|
|a политическая система
|
| 610 |
1 |
|
|a демократия
|
| 610 |
1 |
|
|a история
|
| 610 |
1 |
|
|a демократизация
|
| 610 |
1 |
|
|a общество
|
| 610 |
1 |
|
|a власть
|
| 610 |
1 |
|
|a публичная политика
|
| 686 |
|
|
|a Ф3(0,8)12
|v LBC/SL-A
|2 rubbk
|
| 700 |
|
1 |
|a Тилли
|b Ч.
|g Чарльз
|
| 801 |
|
1 |
|a RU
|b 63413507
|c 20080404
|g PSBO
|
| 801 |
|
2 |
|a RU
|b 63413507
|c 20210226
|g PSBO
|
| 942 |
|
|
|c BK
|
| 959 |
|
|
|a 39/20080403
|d 2
|e 233,80
|f ЧЗГЛ:1
|f АНЛ:1
|